000 00283nam a22001217a 4500
082 _a823
_bREA/C
100 _aTOLSTOY,LEO, MANUPASSANT,GUY DE
245 _a CLASSIC SHORT STORIES
260 _aMUMBAI
_bREADER'S DIGEST
300 _a191
650 _aSHORT STORY
_zMUMBAI
942 _cBK
999 _c3489
_d3489